000
00346nam a2200145Ia 4500
003
OSt
005
20240101063841.0
008
170524s9999 xx 000 0 und d
020
_a
9798184350837
040
_c
IIMT UNIVERSITY
100
_a
KHATARKAR- Y
245
0
_a
ECONOMIC REFORMS IN INDIA
260
_b
New Delhi : Adhiyaya
942
_2
ddc
_c
01
999
_c
9409
_d
9409